000 00593nam a2200181Ia 4500
008 090630s9999 xx 000 0 und d
082 _b14143
100 _aजाखडे अरुण.
245 _aविश्वरुपी रबर.
_cजाखडे अरुण.
260 _bअभिनुजा - पुणे.
_c1995
300 _a31
600 _aजाखडे अरुण.
630 _aविश्वरुपी रबर.
655 _aइतर.
700 _aजाखडे अरुण.
730 _aविश्वरुपी रबर.
942 _cBOOK
999 _c265999
_d265999